[Event "4NCL Division 1b"]
[Site "Hinckley Island ENG"]
[Date "2014.01.11"]
[Round "3.183"]
[White "Hambleton, Aman"]
[Black "Franklin, Samuel GA"]
[Result "1/2-1/2"]
[WhiteElo "2481"]
[BlackElo "2306"]
[PlyCount "119"]
[EventDate "2014.01.11"]
[WhiteTeam "Guildford 2"]
[BlackTeam "Barbican 4NCL 1"]

1. d4 Nf6 2. c4 g6 3. f3 Bg7 4. e4 d6 5. Be3 O-O 6. Nc3 c5 7. dxc5 dxc5 8. Qxd8
Rxd8 9. Bxc5 Nc6 10. Nd5 Nd7 11. Bxe7 Nxe7 12. Nxe7+ Kf8 13. Nd5 Bxb2 14. Rb1
Bg7 15. Nh3 Nc5 16. g4 b6 17. Ng5 Kg8 18. h4 Ba6 19. Be2 Rd7 20. Kf2 Rc8 21.
Rhd1 h6 22. Nh3 Kf8 23. Nhf4 Nb7 24. Ne3 Rdc7 25. Nfd5 Rd7 26. Nb4 Rxd1 27.
Rxd1 Nc5 28. g5 Bb7 29. Nbd5 Bc6 30. Kg3 Ba4 31. Rh1 Be5+ 32. Kg2 h5 33. f4 Bd4
34. Kf3 Re8 35. e5 Ne6 36. Nf6 Rd8 37. Ned5 Bc5 38. Bd3 Bc6 39. Be4 Nd4+ 40.
Kg2 Rb8 41. Rd1 Kg7 42. Nc3 Bxe4+ 43. Ncxe4 Rb7 44. Nd6 Rb8 45. Nb5 Ne6 46. Kf3
a6 47. Nd6 b5 48. Nd7 Ra8 49. Nxc5 Nxc5 50. Rd5 Ne6 51. c5 b4 52. f5 gxf5 53.
Nxf5+ Kg6 54. Ke4 Rb8 55. Nd4 a5 56. Nxe6 fxe6 57. Rd6 Kf7 58. Rd7+ Kf8 59. c6
Ke8 60. Rh7 1/2-1/2

[Event "4NCL Division 1b"]
[Site "Hinckley Island ENG"]
[Date "2014.01.11"]
[Round "3.184"]
[White "Cox, John J"]
[Black "Flear, Glenn C"]
[Result "0-1"]
[WhiteElo "2395"]
[BlackElo "2471"]
[PlyCount "102"]
[EventDate "2014.01.11"]
[WhiteTeam "Barbican 4NCL 1"]
[BlackTeam "Guildford 2"]

1. c4 e6 2. Nf3 d5 3. g3 dxc4 4. Qa4+ c6 5. Qxc4 b5 6. Qc2 Bb7 7. Bg2 Nd7 8.
O-O Ngf6 9. Nc3 Be7 10. d4 Rc8 11. Rd1 Qb6 12. a4 a5 13. Bg5 b4 14. Bxf6 gxf6
15. Ne4 c5 16. Rac1 O-O 17. Qb1 f5 18. Nxc5 Nxc5 19. dxc5 Bxc5 20. Rf1 Be4 21.
Qa1 b3 22. Ne5 Bxg2 23. Kxg2 Bd4 24. Nd3 Qb7+ 25. Kg1 Qe4 26. Rxc8 Rxc8 27. Rc1
Rd8 28. Re1 Bf6 29. Nc5 Qc2 30. Nd3 Rd4 31. Qc1 Rxa4 32. Qh6 Bg7 33. Qg5 Qc8
34. Rc1 Qe8 35. Nc5 Rb4 36. Rd1 h6 37. Qe3 a4 38. Nd3 Rb8 39. Qc5 Rc8 40. Qa5
Ra8 41. Qb4 Qb8 42. Qc5 a3 43. bxa3 b2 44. Rb1 Qb3 45. Qc6 Rxa3 46. Qe8+ Kh7
47. Nxb2 Ra7 48. Qc6 Bxb2 49. e4 Ra1 50. Rxa1 Bxa1 51. exf5 Qb1+ 0-1

[Event "4NCL Division 1b"]
[Site "Hinckley Island ENG"]
[Date "2014.01.11"]
[Round "3.185"]
[White "Wadsworth, Matthew J"]
[Black "Knott, Simon JB"]
[Result "0-1"]
[WhiteElo "2185"]
[BlackElo "2317"]
[PlyCount "104"]
[EventDate "2014.01.11"]
[WhiteTeam "Guildford 2"]
[BlackTeam "Barbican 4NCL 1"]

1. e4 e6 2. d4 d5 3. Nd2 c5 4. exd5 exd5 5. Ngf3 Nc6 6. Bb5 cxd4 7. Nxd4 Qe7+
8. Qe2 Qxe2+ 9. Nxe2 a6 10. Ba4 Nf6 11. c3 Bc5 12. O-O O-O 13. Nf3 Re8 14. Ned4
Bd7 15. Bc2 Nxd4 16. cxd4 Bb6 17. a4 Rac8 18. Bb3 Bf5 19. Be3 Bc2 20. Ra3 Ba5
21. Bxc2 Rxc2 22. Rb3 b6 23. Rc1 Rec8 24. Rxc2 Rxc2 25. h3 Nd7 26. Ne5 Nb8 27.
Bf4 f6 28. Nf3 Nc6 29. Bc7 Nxd4 30. Nxd4 Rxc7 31. Rd3 Rc1+ 32. Kh2 Rc4 33. Nb3
Rxa4 34. Rxd5 Bb4 35. Nd4 Kf7 36. g3 Bc5 37. Nc6 Rc4 38. Rd7+ Kg6 39. Nd8 Rd4
40. Rxd4 Bxd4 41. b3 Bxf2 42. Kg2 Bc5 43. g4 a5 44. Kf3 f5 45. Ne6 Kf6 46. gxf5
g6 47. Ke4 gxf5+ 48. Kd5 Be3 49. Nf8 h6 50. h4 f4 51. Ke4 b5 52. Nd7+ Kg6 0-1

[Event "4NCL Division 1b"]
[Site "Hinckley Island ENG"]
[Date "2014.01.11"]
[Round "3.186"]
[White "Dorrington, Chris J"]
[Black "Wall, Gavin"]
[Result "0-1"]
[WhiteElo "2326"]
[BlackElo "2320"]
[PlyCount "150"]
[EventDate "2014.01.11"]
[WhiteTeam "Barbican 4NCL 1"]
[BlackTeam "Guildford 2"]

1. d4 f5 2. g3 Nf6 3. Bg2 g6 4. Nf3 Bg7 5. O-O O-O 6. c4 d6 7. Nc3 Qe8 8. d5
Na6 9. Nd4 Bd7 10. Rb1 c6 11. b4 Rc8 12. Qb3 Nxb4 13. Ne6 Bxe6 14. dxe6 a5 15.
a3 Na6 16. Qxb7 Nc5 17. Qa7 Nxe6 18. Qxa5 Nd7 19. Bd2 Ne5 20. Qb4 Nc5 21. f4
Ned7 22. a4 e5 23. a5 e4 24. Be3 Qe6 25. Na4 Na6 26. Qb3 Rb8 27. Nb6 Nxb6 28.
axb6 c5 29. Qb5 Nb4 30. Rxb4 cxb4 31. Qxb4 Rfc8 32. Rc1 Rc6 33. Bf1 Bf6 34. Qb5
Rcc8 35. Qb4 h5 36. Kg2 Rb7 37. c5 dxc5 38. Rxc5 Rxc5 39. Bxc5 Be7 40. Bxe7
Qxe7 41. Qc4+ Kg7 42. Qa6 Qd7 43. e3 Qc6 44. Qa1+ Kh7 45. Kf2 Qxb6 46. Be2 Qa7
47. Qc3 Rb1 48. Qc4 Ra1 49. Qd5 Ra3 50. Qd2 Qc5 51. h4 Qc3 52. Qxc3 Rxc3 53.
Bb5 Kg7 54. Be8 Rc2+ 55. Kf1 Kf6 56. Ba4 Rb2 57. Bc6 Ke7 58. Bd5 Rd2 59. Bg8
Kd7 60. Bf7 Rd6 61. Ke2 Kc6 62. Ke1 Kc5 63. Ke2 Kb4 64. Ke1 Kc3 65. Ke2 Rd2+
66. Kf1 Kd3 67. Bxg6 Kxe3 68. Bxh5 Rd6 69. Kg2 Kd2 70. Kh3 e3 71. Bf3 Ke1 72.
Kg2 Rd2+ 73. Kh3 Kf2 74. Bh5 Kg1 75. Bf3 Rh2# 0-1

[Event "4NCL Division 1b"]
[Site "Hinckley Island ENG"]
[Date "2014.01.11"]
[Round "3.187"]
[White "Povah, Nigel E"]
[Black "Rogers, Jonathan W"]
[Result "1/2-1/2"]
[WhiteElo "2287"]
[BlackElo "2303"]
[PlyCount "106"]
[EventDate "2014.01.11"]
[WhiteTeam "Guildford 2"]
[BlackTeam "Barbican 4NCL 1"]

1. d4 e6 2. Nf3 d5 3. e3 f5 4. Bd3 Bd6 5. b3 c6 6. Bb2 Nd7 7. Nbd2 Nh6 8. Ne5
O-O 9. Nxd7 Bxd7 10. f4 c5 11. O-O b5 12. c4 Qa5 13. Qe2 Rab8 14. cxd5 exd5 15.
dxc5 Bxc5 16. Nf3 Ng4 17. Bd4 Bxd4 18. exd4 Rbe8 19. Qb2 Re3 20. Rad1 b4 21.
Rfe1 Bb5 22. Bxb5 Rxe1+ 23. Rxe1 Qxb5 24. Qe2 Qxe2 25. Rxe2 Rc8 26. g3 Nf6 27.
Kf1 Ne4 28. Ne5 Rc3 29. Rb2 Kf8 30. Ke2 Ke7 31. Nd3 a5 32. Nf2 Nxf2 33. Kxf2
Rd3 34. Rc2 Kd6 35. Rc8 Rd2+ 36. Ke3 Rxa2 37. Ra8 Kc6 38. Ra6+ Kc7 39. Kd3 Rb2
40. Rxa5 Rxb3+ 41. Kc2 Rc3+ 42. Kb2 Kc6 43. Ra7 Kb5 44. Rxg7 Kc4 45. Rxh7 Rf3
46. Rc7+ Kxd4 47. Rc2 Ke3 48. Rc5 Ke4 49. Rc8 d4 50. Re8+ Kd3 51. Kb3 Re3 52.
Rd8 Re2 53. h4 Ke4 1/2-1/2

[Event "4NCL Division 1b"]
[Site "Hinckley Island ENG"]
[Date "2014.01.11"]
[Round "3.188"]
[White "Lauterbach, Ingrid"]
[Black "Sarakauskiene, Zivile"]
[Result "0-1"]
[WhiteElo "2112"]
[BlackElo "2168"]
[PlyCount "150"]
[EventDate "2014.01.11"]
[WhiteTeam "Barbican 4NCL 1"]
[BlackTeam "Guildford 2"]

1. e4 c5 2. Nf3 e6 3. g3 a6 4. Bg2 Nc6 5. O-O g6 6. c3 Nge7 7. d4 cxd4 8. Nxd4
Bg7 9. Be3 d6 10. Na3 b5 11. Nxc6 Nxc6 12. Qd2 Qc7 13. Rad1 Ke7 14. Bh6 Bxh6
15. Qxh6 Bb7 16. Nc2 Rad8 17. Ne3 Ne5 18. Rd4 Nc6 19. Rd2 Ne5 20. Qh4+ Kd7 21.
Qf6 Kc8 22. Rfd1 Rhf8 23. b3 h5 24. h3 Nd7 25. Qg7 Ne5 26. Rxd6 Qxc3 27. Rxd8+
Rxd8 28. Rxd8+ Kxd8 29. Qf8+ Kd7 30. Qb8 Qc7 31. Qa7 Kc8 32. Qd4 Nc6 33. Qh8+
Qd8 34. Qc3 Qd4 35. Qc1 Kb8 36. Nc2 Qc3 37. Qd1 Kc7 38. Ne1 Nd4 39. Nd3 Kd8 40.
Nf4 Ke7 41. h4 e5 42. Nd3 f6 43. f4 exf4 44. gxf4 Bc8 45. Nf2 Qc1 46. Kf1 Qxd1+
47. Nxd1 Ne6 48. f5 gxf5 49. exf5 Nd4 50. Nc3 Bxf5 51. a4 Nxb3 52. axb5 axb5
53. Kf2 Nd4 54. Ke3 Nc2+ 55. Kf4 Bd7 56. Bf3 b4 57. Nd5+ Ke6 58. Be4 b3 59. Nb6
Kd6 60. Nd5 f5 61. Bf3 Ne1 62. Ne3 Nxf3 63. Kxf3 Ke5 64. Nc4+ Kd4 65. Na3 Kc3
66. Kf4 b2 67. Kg5 Kb3 68. Nb1 Kc2 69. Na3+ Kc1 70. Kxh5 f4 71. Kg5 f3 72. h5
f2 73. h6 f1=Q 74. h7 Qf5+ 75. Kh6 Qf6+ 0-1